Kritická analýza firmy - úspech v podnikaní

Dôvody, prečo sa úroveň hospodárenia agropodnikateľov na Slovensku pozitívne nedynamizovala plošne, ale iba lokálne či výnimočne. Najčastejšie príčiny neúspechu podnikania na pôde. Základné podmienky pozitívneho vývoja podniku.

Guardado en:
Detalles Bibliográficos
Autor principal: Košč, M.
Formato: Capítulo de libro
Lenguaje:eslovaco
Materias:
Etiquetas: Agregar Etiqueta
Sin Etiquetas, Sea el primero en etiquetar este registro!

MARC

LEADER 00000naa a2200000 4500
001 r026218
005 20230824090403.7
041 0 |a slo 
044 |a SK 
245 1 0 |a Kritická analýza firmy - úspech v podnikaní  |c M. Košč 
520 |a Dôvody, prečo sa úroveň hospodárenia agropodnikateľov na Slovensku pozitívne nedynamizovala plošne, ale iba lokálne či výnimočne. Najčastejšie príčiny neúspechu podnikania na pôde. Základné podmienky pozitívneho vývoja podniku. 
610 2 0 |a Slovensko 
610 2 0 |a 1993-1996 
610 2 0 |a poľnohospodárstvo 
610 2 0 |a podnikanie 
100 1 |a Košč, M.